| 000 | 01017nam a2200253Ia 4500 | ||
|---|---|---|---|
| 001 | 7148 | ||
| 003 | GE_BSU | ||
| 008 | 181216s||||||||xx |||||||||||||| ||und|| | ||
| 020 | _a9789941422713. | ||
| 040 | _cGE_BSU | ||
| 080 | _a821.134.2-31 | ||
| 100 | _aსერვანტეს,საავედრა მიგელ დე. | ||
| 245 | _aმახვილგონიერი იდალგო დონ კიხოტ ლამანჩელი. 2 ნაწ. | ||
| 245 | _bმეორე ნაწ:რომანი | ||
| 245 | _cბაჩანა ბრეგაძის თარგმანი;რედ:მაია ალუდაური. | ||
| 260 | _aთბილისი. | ||
| 260 | _bპალიტრა L. | ||
| 260 | _c2011. | ||
| 300 | _a536გვ;20სმ. | ||
| 541 | _h10ლ. | ||
| 653 | _aმახვილგონიერი იდალგო დონ კიხოტ ლამანჩელი. 2 ნაწ. | ||
| 653 | _aრომანი. | ||
| 942 | _cBK | ||
| 999 |
_c40537 _d40537 |
||